Movimientos juveniles en la Península Ibérica (Record no. 19091)

MARC details
000 -LEADER
campo de control de longitud fija 00955nam a2200301 i 4500
001 - NÚMERO DE CONTROL
campo de control 19091
003 - IDENTIFICADOR DE NÚMERO DE CONTROL
campo de control ES-MaACL
005 - FECHA Y HORA DE LA ÚLTIMA TRANSACCIÓN
campo de control 20250808012250.0
007 - CAMPO FIJO DE DESCRIPCIÓN FÍSICA--INFORMACIÓN GENERAL
campo de control de longitud fija t|
008 - DATOS DE LONGITUD FIJA--INFORMACIÓN GENERAL
campo de control de longitud fija 020527s2002 sp ||||1| spa d
020 ## - NÚMERO INTERNACIONAL ESTÁNDAR DEL LIBRO
Número Internacional Estándar del Libro 84-344-4245-0
080 ## - NÚMERO DE LA CLASIFICACIÓN DECIMAL UNIVERSAL
Número de la Clasificación Decimal Universal 316.62-053.81
080 ## - NÚMERO DE LA CLASIFICACIÓN DECIMAL UNIVERSAL
Número de la Clasificación Decimal Universal 316.334.56
245 00 - MENCIÓN DEL TÍTULO
Título Movimientos juveniles en la Península Ibérica
Resto del título : graffitis, grifotas, okupas /
Mención de responsabilidad, etc. Carles Feixa, Carmen Costa y Joan Pallarés (eds.).
250 ## - MENCION DE EDICION
Mención de edición 1ª ed.
260 ## - PUBLICACIÓN, DISTRIBUCIÓN, ETC.
Lugar de publicación, distribución, etc. Barcelona :
Nombre del editor, distribuidor, etc. Ariel,
Fecha de publicación, distribución, etc. 2002.
300 ## - DESCRIPCIÓN FÍSICA
Extensión 158 p. ;
Dimensiones 23 cm.
500 ## - NOTA GENERAL
Nota general Tít. del lomo: Graffitis, grifotas, okupas.
504 ## - NOTA DE BIBLIOGRAFÍA, ETC.
Nota de bibliografía, etc. Bibliografía.
650 #4 - PUNTO DE ACCESO ADICIONAL DE MATERIA--TÉRMINO DE MATERIA
Término de materia o nombre geográfico como elemento de entrada Jóvenes-
Subdivisión general Conducta social.
9 (RLIN) 13947
650 17 - PUNTO DE ACCESO ADICIONAL DE MATERIA--TÉRMINO DE MATERIA
Término de materia o nombre geográfico como elemento de entrada Vida urbana
Fuente del encabezamiento o término embne
9 (RLIN) 17796
700 1# - ENTRADA AGREGADA--NOMBRE PERSONAL
Nombre de persona Feixa, Carles.
9 (RLIN) 49136
700 1# - ENTRADA AGREGADA--NOMBRE PERSONAL
Nombre de persona Costa, Carmen.
9 (RLIN) 41046
700 1# - ENTRADA AGREGADA--NOMBRE PERSONAL
Nombre de persona Pallarés, Joan.
9 (RLIN) 88573
740 0# - ENTRADA AGREGADA--TÍTULO RELACIONADO/ANALÍTICO NO CONTROLADO
Título relacionado o analítico no controlado Graffitis, grifotas, okupas.
852 ## - LOCALIZACIÓN
Ubicación ES-MaACL
Número de control de estantería L-25558
Sublocalización o colección R.131422
Holdings
Estatus retirado Estado de pérdida Estado de daño No para préstamo Biblioteca de origen Biblioteca actual Ubicación en estantería Fecha de adquisición Fuente de adquisición Total de préstamos Signatura topográfica completa Código de barras Visto por última vez Precio de reemplazo Tipo de ítem Koha
        Biblioteca del Ateneo de Madrid Biblioteca del Ateneo de Madrid Depósito 2 17/01/2008     L-25558 1019535 23/02/2023 23/02/2023 Libro impreso